Best Episodes of The 100 - Statistics

General Stats
  • This quiz has been taken 12 times
  • The average score is 3 of 5
Answer Stats
Season Episode Rating Description Episode % Correct
2 16 9.2 After being betrayed by Lexa, Clarke makes a final stand against Mount Weather, while Jaha shocks Murphy as they continue their journey to the City of Light. Blood Must Have Blood: Part 2
86%
4 13 9.2 It's a race against the end of the world as Praimfaya arrives forcing our heroes to make impossible decisions to ensure their survival. Praimfaya
71%
5 13 9.5 Clarke and her friends must risk everything to fight one last battle for survival, only to glimpse an even darker threat to the last living valley on earth. Damocles: Part Two
57%
4 10 9.1 Octavia fights in the final battle for survival, but not everyone is willing to play fair. Die All, Die Merrily
57%
7 8 9.0 Clarke confronts a new adversary. A surprising connection takes us back to the past and the nuclear apocalypse that destroyed the Earth. Anaconda
43%
No matching quizzes found
Score Distribution
Percent of People with Each Score
Percentile by Number Answered
Your Score History
You have not taken this quiz